| 000 | 01145nam a22002657i 4500 | ||
|---|---|---|---|
| 999 |
_c22860 _d22860 |
||
| 003 | AR-CdUCM | ||
| 008 | 240502b20162016pe ||||| |||| 00| 0 spa d | ||
| 020 | _a978-612-4202-37-7 | ||
| 040 |
_aMUNICIPALIDAD PROVINCIAL DEL CUSCO _cBIBLIOTECA MUNICIPAL DEL CUSCO |
||
| 041 | _hspa | ||
| 082 |
_a913.985019 / H99 _bH99 |
||
| 100 |
_aHyslop, Jhon _949683 |
||
| 245 | _aAsentamientos planificados inka / | ||
| 260 |
_aLima : _bEdiciones copé, _c2016. |
||
| 300 |
_a429 páginas. : _bilustraciones ; _c24 cm. |
||
| 500 | _zBibliografía: páginas 392 - 420 | ||
| 505 | _aPlanificación de la distribución de los asentamientos inka -- La reconstrucción del Cusco -- La plataforma del Ushnu como un símbolo de estado -- Rocas y afloramientos -- Sistema de agua en todo el tawantinsuyu --La guerra inka -- Patrones ortogonales y radiales -- Astronomía inka -- Asentamientos mixtos de patrón local e inka | ||
| 650 |
_aMampostería fina _949684 |
||
| 650 |
_aEvidencia de planificación _949685 |
||
| 650 |
_aZeques _949686 |
||
| 650 |
_aUshnu _949687 |
||
| 650 |
_aTawantinsuyo _930420 |
||
| 942 |
_2ddc _cLIBROS |
||
| 945 |
_apbj _d2024-05-2024 |
||